| 000 | 00929cam a22002653a 4500 | ||
|---|---|---|---|
| 001 | 2886 | ||
| 003 | PGUSA | ||
| 005 | 20140828083022.0 | ||
| 008 | 060530s2006||||xxu|||||s|||||000 1 eng d | ||
| 040 |
_aPGUSA _beng |
||
| 042 | _adc | ||
| 050 | 4 | _aPS | |
| 100 | 1 |
_aHarte, Bret, _d1836-1902 |
|
| 245 | 1 | 0 |
_aTales of the Argonauts _h[electronic resource] / _cBret Harte |
| 260 |
_bProject Gutenberg, _c2006 |
||
| 505 | 0 | _aThe rose of Tuolumne -- A passage in the life of Mr. John Oakhurst -- Wan Lee, the pagan -- How old man Plunkett went home -- The fool of Five Forks -- Baby Sylvester -- An episode of Fiddletown -- A Jersey centenarian. | |
| 506 | _aPublic domain in the USA. | ||
| 516 | _aElectronic text | ||
| 653 | _aShort stories | ||
| 653 | _aWestern stories | ||
| 653 | _aAmerican fiction -- 19th century | ||
| 830 | 0 |
_aProject Gutenberg _v2886 |
|
| 856 | 4 | 0 | _uhttp://www.gutenberg.org/ebooks/2886 |
| 942 | _cEB | ||
| 999 |
_c232216 _d232216 |
||